000 01360nam0a2200337 4500
001 RU\NLR\bibl\47644
005 20250616082858.0
010 _a5-89928-019-0
_9150
021 _aRU
_b99-23969
_91163
035 _a(NLR Aleph) 000046484
090 _a246575
_c246575
100 _a19990916d1999 |||y0rusy50 ca
101 0 _arus
102 _aRU
105 _ay |||||||||
200 1 _aОсновы музыкальной педагогики
_fМ-во культуры Рос. Федерации, Каз. гос. акад. культуры и искусств
_g[Авт.-сост.: преп. А.В. Вашкевич]
210 _aКазань
_cГранДан
_d1999
215 _a27 с.
_d20
320 _aБиблиогр.: с. 26-27 и в тексте
606 0 _aУчителя музыки
_xПодготовка
_92094780
_3RU\NLR\auth\661267547
606 0 _aМузыкальное образование
_91363439
_3RU\NLR\auth\66256315
686 _aЧ489.72
686 _aЧ489.518.266.7
702 1 _aВашкевич
_bА. В.
_4220
712 0 2 _4570
_aКазанская государственная академия культуры и искусств
_9425304
_3RU\NLR\AUTH\889964537
801 0 _aRU
_bNLR
_c19990916
_gPSBO
801 1 _aRU
_bNLR
_c19990916
852 _aNLR
_j99-4/5977
942 _cBOOK
980 _aNB